000 00494nam a2200169Ia 4500
008 090711s9999 xx 000 0 und d
082 _b69087
100 _aमुळीक निवgत्ती
245 _aSााहुल
260 _bपूजा प्रकाशन
_c1990
300 _a256
600 _aमुळीक निवgत्ती
630 _aSााहुल
700 _aमुळीक निवgत्ती
730 _aSााहुल
942 _cBOOK
999 _c303935
_d303935